| 000 | 00616 a2200205 4500 | ||
|---|---|---|---|
| 003 | 0000 | ||
| 005 | 20260402145205.0 | ||
| 020 | _a9780367532383 | ||
| 040 | _erda | ||
| 050 |
_aGA 102.4 _b.O93 2021 |
||
| 100 |
_4Author _aOyana, Tonny J. |
||
| 245 |
_aSpatial Analysis with R: _bstatistics, visualization, and computational methods from data to information/ _cTonny J. Oyana |
||
| 264 |
_aBoca Raton _bCRC Press _c20021 |
||
| 300 |
_axix,333p. _bill.: |
||
| 336 | _2rdacontent | ||
| 338 | _2rdacarrier | ||
| 500 | _aincludes Index and references | ||
| 504 | _aincludes Index and references | ||
| 942 |
_2lcc _cBK |
||
| 999 |
_c44259 _d44259 |
||